000 00637nam a2200241Ia 4500
003 OSt
005 20220918230605.0
006 a|||||r|||| 00| 0
007 ta
008 220917b |||||||| |||| 00| 0 eng d
024 _a256,212
037 _cTextual
040 _aARTS
_cARTS
_beng
041 _2eng
_aeng
082 _aV677.N, K7
100 _aNutting Anthony
_9110179
245 0 _aNo end of a lesson
_b story of suez
260 _aOrange
_bSt. Constable and Company Ltd.
_c1967
300 _a195p
_ccm.
650 _aHISTORY
942 _hV677.N, K7
_cTEXL
_2CC
999 _c288447
_d288447